000 01155nam a22002537a 4500
005 20100729120116.0
010 _aHIN-89881
020 _a9788189868426
_c400.00
035 _aHN-62227
037 _bDBAD / PUB
082 _a
100 _aबार्नो, स्नोवा
_92335
245 _aमेरा अज्ञात तुम्हे बुलाता है /
_cस्नोवा बार्नो
246 _aMera Agyat Tumhe Bulata Hai
_bby Snowa Barno
260 _aमेरठ (उ.प्र.)
_bसंवाद प्रकाशन
_c2009
270 _aआई-499, शास्त्रीनगर
_bमेरठ (उ.प्र.)
_e250004
300 _a228पृ.
_c22सेमी (सजिल्द)
650 _bलघु कथाएँ, हिन्दी
_91169
650 _bShort Stories, Hindi
_92336
650 _bShort Stories, Hindi
_92337
700 _92325
942 _2ddc
_cHN
_h
_mबार्नोस्नो
999 _c38156
_d38156